Chemical engineering thermodynamics
Αποθηκεύτηκε σε:
| Κύριος συγγραφέας: | |
|---|---|
| Μορφή: | Βιβλίο |
| Γλώσσα: | English |
| Δημοσίευση: |
New York :
McGraw-Hill,
c1985
|
| Σειρά: | McGraw-Hill chemical engineering series
|
| Θέματα: | |
| Ετικέτες: |
Προσθήκη ετικέτας
Δεν υπάρχουν, Καταχωρήστε ετικέτα πρώτοι!
|
MARC
| LEADER | 00000pam a2200000 i 4500 | ||
|---|---|---|---|
| 001 | 1/90235 | ||
| 008 | 970418s1985 eng d | ||
| 020 | |a 0-07-015413-9 | ||
| 035 | |l 10007443 | ||
| 040 | |a GR-MY-UA |b gre |e aacr | ||
| 041 | 0 | |a eng | |
| 082 | 0 | |a 660.2969 | |
| 100 | 1 | |a Daubert, T. E. |q (Thomas E.) |d 1937- | |
| 245 | 1 | 0 | |a Chemical engineering thermodynamics / |c Thomas E. Daubert |
| 260 | |a New York : |b McGraw-Hill, |c c1985 | ||
| 300 | |a xx, 469 p.; |c 24 cm | ||
| 490 | 1 | |a McGraw-Hill chemical engineering series | |
| 504 | |a Includes bibliographical references and index | ||
| 650 | 0 | 0 | |a Thermodynamics. |
| 830 | 0 | |a McGraw-Hill chemical engineering series | |
| 852 | |a INST |b LESVOS |e 19970418 |h 660.2969 DAU |p 005100011467 |q 005100011467 |t BK |y 0 | ||
| 909 | |a Λ |b 012011 | ||